Handbook of paper board and board. 2 V (Record no. 24282)

MARC details
000 -LEADER
fixed length control field 00361nam a2200133Ia 4500
082 ## - DEWEY DECIMAL CLASSIFICATION NUMBER
Classification number 676(035)
Item number HIG
100 ## - MAIN ENTRY--AUTHOR NAME
Personal name Higham, Robert R A
245 #0 - TITLE STATEMENT
Title Handbook of paper board and board. 2 V
260 ## - PUBLICATION, DISTRIBUTION, ETC. (IMPRINT)
Place of publication London
Name of publisher Business Books
Year of publication 1970
505 ## - FORMATTED CONTENTS NOTE
Formatted contents note V 1..10.00Pd;V 2..6.00Pd
650 ## - SUBJECT ADDED ENTRY--TOPICAL TERM
Topical Term Paper board
942 ## - ADDED ENTRY ELEMENTS (KOHA)
Koha item type Books
Holdings
Withdrawn status Lost status Damaged status Not for loan Home library Current library Date acquired Full call number Accession Number Koha item type
        RRII Library RRII Library 16/12/2021 676(035) HIG 04966 Books